| 000 | 01221nam a22002777a 4500 | ||
|---|---|---|---|
| 001 | 620 | ||
| 005 | 20230627113225.0 | ||
| 008 | 230627b cb ||||| |||| 00| 0 eng d | ||
| 020 | _a9781842368251 (pbk.) : | ||
| 020 | _a1842368257 (pbk.) : | ||
| 040 |
_aFISKH _beng _cFISKH _dFISKH |
||
| 050 | _aQL737.C4 | ||
| 082 | _a599.53 | ||
| 100 |
_aParker, Steve, _d1952- |
||
| 245 |
_aI love whales & dolphins / _cby Steve Parker. |
||
| 250 | _aThis edition printed in 2009. | ||
| 260 |
_aGreat Bardfield : _bMiles Kelly, _c2009. |
||
| 300 |
_a24 pages : _bcolor illustrations ; _c24 cm. |
||
| 505 | _aF | ||
| 520 | _aFrom the haunting song of the humpback whale To The playful antics of the bottlenose dolphin, whales and dolphins are loved by almost everyone. This book introduces the many amazing species of large mammals that make their home beneath the waves. Full of fascinating fact boxes and stunningly detailed illustrations, this book also presents readers with interactive activities. | ||
| 521 |
_a380
_bLexile estimate |
||
| 521 |
_aF
_bRaz-Plus |
||
| 650 |
_aDolphins _vPictorial works _xJuvenile literature. |
||
| 650 |
_aWhales _vPictorial works _xJuvenile literature. |
||
| 942 |
_2ddc _cBK _n0 |
||
| 999 |
_c620 _d620 |
||